Normal view MARC view

Entry Nombre personal

Number of records used in: 1

001 - NÚMERO DE CONTROL

  • campo de control: 30200

003 - IDENTIFICADOR DEL NÚMERO DE CONTROL

  • campo de control: FranzMayer

005 - FECHA Y HORA DE LA ÚLTIMA TRANSACCIÓN

  • campo de control: 20260525181644.0

008 - DATOS DE LONGITUD FIJA

  • campo de control de longitud fija: 260525|| aca||aabn | a|a d

040 ## - FUENTE DE LA CATALOGACIÓN

  • Centro catalogador/agencia de origen: FranzMayer
  • Centro/agencia transcriptor: FranzMayer

100 ## - ENCABEZAMIENTO-NOMBRE DE PERSONA

  • Nombre de persona: Rousselet, Gilles,
  • Fechas asociadas al nombre: 1610-1686

670 ## - FUENTE DE DATOS ENCONTRADOS

  • Cita de la fuente: Work cat.: (FranzMayer)11114: Le Moyne, Pierre (1602-1671) autor 30196, La gallerie des femmes fortes; par le P. Pierre Le Moyne de la Compagnie de Iesvs /, 1647